Statistics for Splatoon Brands

Click here to take the quiz!

General Stats

  • This quiz has been taken 143 times
    (115 since last reset)
  • The average score is 11 of 21

Answer Stats

Uncommon AbilityCommon AbilityBrand% Correct
Sub Power UpMain Power UpToni Kensa
78%
N/AN/ACuttlegear
69%
Quick Super JumpInk Recovery UpTentatek
69%
N/AN/AAmiibo
66%
Ink Saver (Sub)Special Duration UpForge
62%
N/AN/AGrizzco
62%
Ink Saver (Main)Damage UpSquidForce
57%
Special SaverMain Power UpAnnaki
56%
Defense UpSwim Speed UpKrak-On
55%
Swim Speed UpRun Speed UpRockenberg
52%
Ink Recovery UpInk Saver (Sub)Firefin
49%
Damage UpDefense UpInkline
49%
Special Duration UpSpecial SaverTakoroka
48%
Ink Resistance UpSub Power UpEnperry
45%
Run Speed UpInk Saver (Main)Splash Mob
44%
Quick RespawnQuick Super JumpZink
42%
Special Charge UpSpecial SaverZekko
36%
Special SaverQuick RespawnSkalop
35%
NoneNoneTHE SQUID GIRL
30%
NoneNoneKOG
26%
N/AN/AFamitsu
23%

Score Distribution

Percentile by Number Answered

Percent of People with Each Score

Your Score History

You have not taken this quiz since the last reset